000 00337nam a22001217a 4500
082 _a657
_bVAR/A
100 _aDr.S.C.VARSHNEY, Dr.aNJU BATHIA
245 _aNEW ERA ACCOUNTANCY WITH PROJECT WORK
_bCLASS XII
260 _aMUZAFFARNAGAR
_bPRAKASH PUBLICATIONS
_c2009
300 _a733
650 _aACCOUNTANCY FOR CLASS XII
_zINDIA
942 _cBK
999 _c627
_d627